| 000 | 00382nam a2200145Ia 4500 | ||
|---|---|---|---|
| 008 | 230917s9999||||xx |||||||||||||| ||und|| | ||
| 040 |
_e75343 _aMAIN |
||
| 041 | _aEnglish | ||
| 082 | _a658.8 B417R | ||
| 100 | _aBellur, Venkatakrishna V | ||
| 245 | 0 | _aReadings in marketing management | |
| 260 |
_aBombay _bHimalaya Publishing House _c1987 |
||
| 300 | _axxii, 510 p. | ||
| 942 | _cBK | ||
| 999 |
_c56922 _d56922 |
||